000 00654nam a2200277Ia 4500
005 20260324150126.0
008 008 260324s9999 xx 000 0 eng d
020 _a9781315214092
037 _aEBOOK
040 _aCRL
040 _beng
040 _cCRL
041 _2eng
041 _aeng
084 _qCRL
100 _aRay E. Bolz
_91225342
245 0 _aCRC Handbook of Tables for Applied Engineering Science
260 _bTaylor and Francis
260 _c1973
365 _a
365 _b640
856 _uhttp://www.taylorfrancis.com/books/9781315214092
942 _cEBOOK
999 _c1834274
_d1834274